Evaluación experimental de algunos parámetros que influyen en el proceso de secado de granos por contacto en un medio particulado caliente

En el presente trabajo se evaluo esperimentalmente la influencia que ejerce algunos parámetros en el proceso de secado de un material granular inmerso en un medio particular caliente utilizando un secador del tipo batch.

Bibliographic Details
Main Author: Gamero P., Rafael.
Other Authors: Tutor: Torrez Mairena, Norvin.
Format: Tesis Section = Libro
Language:Undetermined
Spanish
Published: Managua UNI 1993
Subjects:
LEADER 00903nam a2200205Ia 4500
008 240830s9999 xx 000 0 und d
040 |a CEDOC DACA-RUSB / Mon 541.39 G186 
041 |a spa 
082 |a Mon 541.39 G186 
100 1 |a Gamero P., Rafael. 
245 1 0 |a Evaluación experimental de algunos parámetros que influyen en el proceso de secado de granos por contacto en un medio particulado caliente 
260 |a Managua  |b UNI  |c 1993 
502 |a Tesis (Ingeniero Químico) -UNI, 1993. 
520 3 |a En el presente trabajo se evaluo esperimentalmente la influencia que ejerce algunos parámetros en el proceso de secado de un material granular inmerso en un medio particular caliente utilizando un secador del tipo batch. 
650 7 |a REACCIONES Y SINTESIS QUIMICAS 
650 7 |b  SECADO DE GRANOS 
700 1 |a Tutor:  |b Torrez Mairena, Norvin. 
942 |c BK  |2 ddc 
991 |a TESIS 
999 |c 26254